000
00314nam a2200109Ia 4500
008
171205s9999 xx 000 0 und d
020
_a
9780761956631
100
_a
Barkham, Michael
245
_a
Psychodynamic-Interpersonal Therapy a Conversational Model
260
_b
SAGE Publications
_c
2017
300
_a
188 pages
999
_c
347385
_d
347385